Flag of Non-Recognized Countries, and Territories of the World - Statistics

General Stats
  • This quiz has been taken 249 times
  • The average score is 30 of 41
Answer Stats
Picture Hint Answer % Correct
Hong Kong
93%
Greenland
91%
Guam
91%
Isle of Man
90%
Palestine
90%
Puerto Rico
90%
Faroe Islands
87%
Macau
86%
Gibraltar
85%
American Samoa
83%
U.S. Virgin Islands
83%
Niue
81%
Northern Cyprus
80%
Cook Islands
79%
Bermuda
78%
Aruba
77%
Guernsey
77%
Western Sahara
77%
Jersey
76%
Unofficial Flag New Caledonia
74%
Somaliland
73%
Abkhazia
72%
Anguilla
72%
Christmas Island
72%
Transnistria
72%
South Ossetia
71%
Cocos (Keeling) Islands
69%
Curaçao
68%
French Polynesia
68%
Norfolk Island
66%
British Virgin Islands
65%
Tokelau
65%
Turks and Caicos Islands
65%
Montserrat
64%
Northern Mariana Islands
64%
Falkland Islands
61%
Cayman Islands
57%
Unofficial Flag Wallis and Futuna
54%
Pitcairn Islands
53%
Sint Maarten
53%
Artsakh
52%
No matching quizzes found
Score Distribution
Percent of People with Each Score
Percentile by Number Answered
Your Score History
You have not taken this quiz